[Event "Mitropa Cup"]
[Site "Trencin"]
[Date "2025.05.18"]
[Round "5.4"]
[White "Stijve, Theo"]
[Black "Zienkiewicz, Jan"]
[Result "0-1"]
[WhiteElo "2332"]
[BlackElo "2362"]
[PlyCount "152"]
[EventDate "2025.05.14"]
[EventType "team-tourn"]
[EventRounds "9"]
[EventCountry "SVK"]
[SourceTitle "CB22_2025"]
[SourceDate "2025.05.28"]
[SourceVersion "1"]
[SourceVersionDate "2025.05.28"]
[SourceQuality "1"]
[WhiteTeam "Switzerland"]
[BlackTeam "France"]
[WhiteTeamCountry "SUI"]
[BlackTeamCountry "FRA"]

1. e4 c5 2. Nf3 Nc6 3. d4 cxd4 4. Nxd4 Nf6 5. Nc3 d6 6. Bg5 e6 7. Qd2 a6 8. f3 Bd7 9. h4 Qc7 10. Be3 h5 11. a4 Ne5 12. a5 Rc8 13. Be2 d5 14. exd5 exd5 15. 0-0 Bc5 16. Na4 Bxa4 17. Rxa4 0-0 18. c3 Rfe8 19. Re1 Ng6 20. Bf2 Bd6 21. Nf5 Bf4 22. Qc2 Qd7 23. Rd4 Bc7 24. Ra4 Re5 25. Bd3 Nf4 26. Rxe5 Bxe5 27. Bf1 Ne6 28. Nd4 Nxd4 29. Bxd4 Bg3 30. Bd3 Re8 31. Bf2 Bxf2+ 32. Kxf2 Qe7 33. Kg1 Qc5+ 34. Rd4 Qxa5 35. Qc1 Qc7 36. Bf1 Qg3 37. Qg5 Qe1 38. Qd2 Qb1 39. Kf2 Qf5 40. Rf4 Qe6 41. Rd4 b5 42. Be2 Qe5 43. Bf1 Re6 44. Be2 Qf5 45. Rf4 Qe5 46. Rd4 g6 47. Bf1 Kg7 48. Be2 Qc7 49. Bf1 Qb6 50. b4 Qc7 51. Rf4 Kg8 52. g3 Qe5 53. Rd4 Rc6 54. Qg5 Qc7 55. Rd3 Kg7 56. Qe3 Rc4 57. Qd2 Rg4 58. fxg4 Ne4+ 59. Ke2 Nxd2 60. Kxd2 hxg4 61. Bg2 f5 62. Bxd5 f4 63. gxf4 Qxf4+ 64. Kc2 g3 65. Rd4 Qf2+ 66. Rd2 Qf5+ 67. Kb2 Qd7 68. Kc2 Qh3 69. Bb7 Qxh4 70. Bg2 Qe7 71. Bc6 Qc7 72. Bg2 Kh6 73. Kb2 Kg5 74. Re2 Qc4 75. Rd2 Qe6 76. Kc2 Kf4 0-1

[Event "Groningen op 60th"]
[Site "Groningen"]
[Date "2024.12.27"]
[Round "6"]
[White "Nicolai, Amir"]
[Black "Stijve, Theo"]
[Result "0-1"]
[WhiteElo "2156"]
[BlackElo "2396"]
[PlyCount "80"]
[EventDate "2024.12.21"]
[EventType "swiss"]
[EventRounds "9"]
[EventCountry "NED"]
[SourceTitle "CB02_2025"]
[SourceDate "2025.01.08"]
[SourceVersion "1"]
[SourceVersionDate "2025.01.08"]
[SourceQuality "1"]

1. d4 d5 2. c4 e6 3. Nc3 Nf6 4. cxd5 exd5 5. Bg5 c6 6. e3 Be7 7. Bd3 0-0 8. Nge2 Nbd7 9. 0-0 Ne4 10. Bxe7 Qxe7 11. Bxe4 dxe4 12. Ng3 Nf6 13. f3 exf3 14. Qxf3 Bg4 15. Qf2 Rad8 16. e4 Nh5 17. d5 Nxg3 18. Qxg3 Bh5 19. Qf2 a5 20. dxc6 bxc6 21. Qf5 Qa7+ 22. Kh1 Bg6 23. Qf4 Qb6 24. Rf2 Rd4 25. Re1 Rb4 26. b3 Qd4 27. Qg3 Re8 28. Rd1 Qc5 29. Rfd2 h6 30. Rd8 Rxd8 31. Rxd8+ Kh7 32. h3 Bxe4 33. Nxe4 Rxe4 34. Rd1 Qf5 35. Kh2 h5 36. Rc1 Qd5 37. Rc2 h4 38. Qc7 Re1 39. Rf2 Qd1 40. g4 Rh1+ 0-1

[Event "Groningen op 60th"]
[Site "Groningen"]
[Date "2024.12.24"]
[Round "4"]
[White "Mostertman, Milan"]
[Black "Stijve, Theo"]
[Result "1/2-1/2"]
[WhiteElo "2244"]
[BlackElo "2396"]
[PlyCount "94"]
[EventDate "2024.12.21"]
[EventType "swiss"]
[EventRounds "9"]
[EventCountry "NED"]
[SourceTitle "CB02_2025"]
[SourceDate "2025.01.08"]
[SourceVersion "1"]
[SourceVersionDate "2025.01.08"]
[SourceQuality "1"]

1. e4 e6 2. d4 d5 3. Nd2 a5 4. Ngf3 Nf6 5. Bd3 c5 6. exd5 exd5 7. dxc5 Bxc5 8. Nb3 Qe7+ 9. Qe2 Qxe2+ 10. Kxe2 Bd6 11. Nbd4 Nc6 12. Nb5 Bb8 13. c3 0-0 14. Re1 Bg4 15. h3 Re8+ 16. Be3 Bh5 17. g4 Nxg4 18. hxg4 Bxg4 19. Rg1 h5 20. Rxg4 hxg4 21. Nfd4 Ne5 22. Rg1 g6 23. Kd2 f5 24. Kc2 Kg7 25. Nxf5+ gxf5 26. Bxf5 Ra6 27. Bd4 Kf7 28. Bxg4 Nxg4 29. Rxg4 Re2+ 30. Kb3 Rg6 31. Rh4 Be5 32. Bxe5 Rb6 33. Ka4 Rxe5 34. Kxa5 Ra6+ 35. Kb4 Re4+ 36. Rxe4 dxe4 37. Kc4 Rxa2 38. Nd6+ Ke6 39. Kb3 Rxb2+ 40. Kxb2 Kxd6 41. c4 Kc5 42. Kc3 b6 43. Kb3 Kd4 44. Kb4 Kd3 45. c5 e3 46. fxe3 bxc5+ 47. Kxc5 Kxe3 1/2-1/2

[Event "SUI-ch 123rd playoff"]
[Site "Flims"]
[Date "2024.07.21"]
[Round "1"]
[White "Stijve, Theo"]
[Black "Bogner, Sebastian"]
[Result "0-1"]
[WhiteElo "2324"]
[BlackElo "2542"]
[PlyCount "84"]
[EventDate "2024.07.21"]
[EventType "match"]
[EventRounds "2"]
[EventCountry "SUI"]
[SourceTitle "CBM 221 Extra"]
[Source "ChessBase"]
[SourceDate "2024.09.30"]
[SourceVersion "1"]
[SourceVersionDate "2024.09.30"]
[SourceQuality "1"]

1. e4 c5 2. Nf3 d6 3. d4 cxd4 4. Nxd4 Nf6 5. Nc3 Nc6 6. Bg5 e6 7. Qd3 Bd7 8. 0-0-0 a6 9. Be2 Be7 10. Qg3 Nxd4 11. Rxd4 Qc7 12. Rhd1 Bc6 13. f4 h6 14. Bh4 g5 15. fxg5 Rg8 16. Qe3 hxg5 17. Bg3 e5 18. R4d3 Rc8 19. R3d2 Bd7 20. Kb1 Qc5 21. Qd3 Be6 22. Rf1 b5 23. a3 Bc4 24. Qf3 g4 25. Qf2 Qxf2 26. Bxf2 Be6 27. Bh4 Rxc3 28. Bxf6 Rc6 29. Bxe7 Kxe7 30. g3 Rh8 31. Bd1 Rh6 32. c3 Rh8 33. a4 Rb8 34. axb5 axb5 35. Be2 b4 36. cxb4 Rxb4 37. Bd3 Rd4 38. Rc1 Ba2+ 39. Kxa2 Rxc1 40. Kb3 f5 41. exf5 e4 42. f6+ Kf8 0-1

[Event "SUI-ch 123rd"]
[Site "Flims"]
[Date "2024.07.17"]
[Round "5"]
[White "Kurmann, Oliver"]
[Black "Stijve, Theo"]
[Result "0-1"]
[WhiteElo "2436"]
[BlackElo "2324"]
[PlyCount "108"]
[EventDate "2024.07.13"]
[EventType "tourn"]
[EventRounds "9"]
[EventCountry "SUI"]
[EventCategory "8"]
[SourceTitle "CBM 221 Extra"]
[Source "ChessBase"]
[SourceDate "2024.09.30"]
[SourceVersion "1"]
[SourceVersionDate "2024.09.30"]
[SourceQuality "1"]

1. e4 c5 2. Nf3 Nc6 3. Bb5 Nf6 4. Nc3 d6 5. d4 cxd4 6. Qxd4 Bd7 7. Bxc6 Bxc6 8. Bg5 e6 9. 0-0-0 Be7 10. Rhe1 Qb6 11. Qxb6 axb6 12. Nd4 Ra5 13. Bd2 Ng4 14. Re2 g5 15. f3 Ne5 16. b3 b5 17. Kb2 b4 18. Nb1 d5 19. a3 dxe4 20. Bxb4 Ra8 21. Bxe7 Kxe7 22. Nxc6+ Nxc6 23. Rxe4 Rhd8 24. Ree1 f5 25. a4 h5 26. Nc3 Kf6 27. Nb5 h4 28. Nc7 Rxd1 29. Rxd1 Rc8 30. Nb5 h3 31. gxh3 Ne5 32. Rf1 Rh8 33. Nd6 b6 34. Ka3 Rxh3 35. f4 gxf4 36. Rxf4 Rxh2 37. c4 Rh3 38. Nc8 Nd3 39. Rf1 Nc5 40. Rb1 Nd7 41. Rd1 Nc5 42. Rb1 f4 43. Nxb6 Rxb3+ 44. Rxb3 Nxb3 45. Kxb3 f3 46. a5 f2 47. a6 f1Q 48. Kb4 Qa1 49. Kb5 Ke5 50. c5 Kd4 51. Nd7 e5 52. Nxe5 Kxe5 53. Kb6 Qh1 54. Ka7 Qc6 0-1

[Event "SUI-chT"]
[Site "Switzerland"]
[Date "2024.04.28"]
[Round "3.4"]
[White "Sokolov, Andrei"]
[Black "Stijve, Theo"]
[Result "1/2-1/2"]
[WhiteElo "2461"]
[BlackElo "2356"]
[PlyCount "60"]
[EventDate "2024.03.10"]
[EventType "team-tourn"]
[EventRounds "9"]
[EventCountry "SUI"]
[SourceTitle "CBM 220 Extra"]
[Source "ChessBase"]
[SourceDate "2024.07.31"]
[SourceVersion "1"]
[SourceVersionDate "2024.07.31"]
[SourceQuality "1"]
[WhiteTeam "Geneve"]
[BlackTeam "Luzern"]
[WhiteTeamCountry "SUI"]
[BlackTeamCountry "SUI"]

1. e4 e5 2. Nf3 Nc6 3. Bb5 Nge7 4. c3 f6 5. d4 d5 6. dxe5 dxe4 7. Nd4 a6 8. Bxc6+ Nxc6 9. exf6 Qxf6 10. Nxc6 Qxc6 11. Qh5+ Qg6 12. Qxg6+ hxg6 13. Nd2 Be6 14. Nxe4 Bd5 15. f3 Bxe4 16. fxe4 Rh4 17. Kf2 Rxe4 18. Kf3 Re6 19. Bg5 Bd6 20. Rae1 Kd7 21. Rxe6 Rf8+ 22. Rf6 gxf6 23. Bf4 Bxf4 24. Kxf4 Rh8 25. Rd1+ Ke6 26. Re1+ Kd6 27. Rd1+ Ke6 28. Re1+ Kd6 29. Rd1+ Ke6 30. Re1+ Kd6 1/2-1/2

[Event "Karlsruhe Grenke op"]
[Site "Karlsruhe"]
[Date "2024.03.31"]
[Round "7"]
[White "Spiric, Igor"]
[Black "Stijve, Theo"]
[Result "0-1"]
[WhiteElo "2202"]
[BlackElo "2356"]
[PlyCount "82"]
[EventDate "2024.03.28"]
[EventType "swiss"]
[EventRounds "9"]
[EventCountry "GER"]
[SourceTitle "EXT 2025"]
[Source "ChessBase"]
[SourceDate "2024.10.14"]
[SourceVersion "1"]
[SourceVersionDate "2024.10.14"]
[SourceQuality "1"]

1. d4 Nf6 2. c4 e6 3. Nc3 Bb4 4. e3 0-0 5. Qc2 Re8 6. Bd3 Nc6 7. Nf3 e5 8. dxe5 Nxe5 9. Nxe5 Rxe5 10. a3 Bxc3+ 11. Qxc3 Qe7 12. 0-0 b6 13. f3 d5 14. cxd5 Rxd5 15. Bc4 Rh5 16. Rd1 Bb7 17. b4 c5 18. Bb2 Qc7 19. f4 Re8 20. b5 Rh6 21. Qd3 Rg6 22. Bxf6 Rxg2+ 23. Kf1 gxf6 24. Qd7 Re7 25. Qh3 Rg6 26. Bd5 Bc8 27. f5 Rg5 28. Rd2 Bxf5 29. Qh6 Qe5 30. Re1 Rd7 31. Red1 Qe7 32. e4 Bg4 33. Bc6 Rxd2 34. Rxd2 Rg6 35. Qf4 c4 36. Qb8+ Kg7 37. Rd8 Qe5 38. Rg8+ Kh6 39. Qf8+ Kh5 40. Qxf7 Qf4+ 41. Kg1 Qe3+ 0-1

[Event "BL2-Sued 2324"]
[Site "Germany"]
[Date "2024.03.17"]
[Round "10.2"]
[White "Stijve, Theo"]
[Black "Ikonnikov, Vyacheslav"]
[Result "1/2-1/2"]
[WhiteElo "2333"]
[BlackElo "2459"]
[PlyCount "111"]
[EventDate "2023.10.21"]
[EventType "team-tourn"]
[EventRounds "10"]
[EventCountry "GER"]
[SourceTitle "EXT 2025"]
[Source "ChessBase"]
[SourceDate "2024.10.14"]
[SourceVersion "1"]
[SourceVersionDate "2024.10.14"]
[SourceQuality "1"]
[WhiteTeam "Heilbronn"]
[BlackTeam "Bad Mergentheim"]
[WhiteTeamCountry "GER"]
[BlackTeamCountry "GER"]

1. e4 c5 2. Nf3 Nc6 3. d4 cxd4 4. Nxd4 e5 5. Ne2 Nf6 6. Nbc3 h6 7. Be3 Bb4 8. a3 Ba5 9. b4 Bc7 10. Ng3 d6 11. Nh5 Nxh5 12. Qxh5 Be6 13. Rd1 a5 14. b5 Nd4 15. Bxd4 exd4 16. Nd5 g6 17. Qe2 Bxd5 18. exd5+ Kf8 19. Qd2 Bb6 20. c4 a4 21. Qf4 Kg7 22. Be2 Re8 23. Kf1 Bc5 24. Rd3 Re5 25. Qd2 Qh4 26. h3 Rae8 27. g3 Qg5 28. Qxg5 hxg5 29. Bd1 Re1+ 30. Kg2 Rxh1 31. Kxh1 Re1+ 32. Kg2 f5 33. Bxa4 Ra1 34. Bd1 Rxa3 35. Rxa3 Bxa3 36. f4 gxf4 37. gxf4 d3 38. Kf3 Bc5 39. Bb3 Kh6 40. Ba2 Kh5 41. Kg3 Bb4 42. Bb1 Be1+ 43. Kg2 d2 44. Bc2 Kh4 45. c5 dxc5 46. d6 Kh5 47. Bd1+ Kh6 48. Kf3 Kg7 49. d7 Bh4 50. Ke3 Kf8 51. Kxd2 Ke7 52. Bf3 b6 53. Bc6 Bf6 54. Kd3 Bb2 55. Kc2 Bg7 56. Kd3 1/2-1/2

[Event "SUI-chT"]
[Site "Switzerland"]
[Date "2024.03.10"]
[Round "1.6"]
[White "Stijve, Theo"]
[Black "Seitz, Patrick"]
[Result "1-0"]
[WhiteElo "2356"]
[BlackElo "2129"]
[PlyCount "81"]
[EventDate "2024.03.10"]
[EventType "team-tourn"]
[EventRounds "9"]
[EventCountry "SUI"]
[SourceTitle "CBM 220 Extra"]
[Source "ChessBase"]
[SourceDate "2024.07.31"]
[SourceVersion "1"]
[SourceVersionDate "2024.07.31"]
[SourceQuality "1"]
[WhiteTeam "Luzern"]
[BlackTeam "Bodan"]
[WhiteTeamCountry "SUI"]
[BlackTeamCountry "SUI"]

1. e4 e5 2. Nf3 Nc6 3. Bb5 a6 4. Ba4 Nf6 5. d3 Bc5 6. Nc3 b5 7. Bb3 d6 8. Nd5 h6 9. c3 Rb8 10. d4 Ba7 11. Be3 Ng4 12. dxe5 Bxe3 13. Nxe3 Ngxe5 14. Nxe5 Nxe5 15. 0-0 0-0 16. f4 Nd7 17. Qf3 b4 18. cxb4 Rxb4 19. Nd5 Rb8 20. Rac1 Nc5 21. f5 c6 22. Nf4 Qf6 23. Nh5 Qe5 24. Kh1 Rb4 25. f6 g6 26. Nf4 Qxf6 27. Qg3 Nxb3 28. axb3 Qg5 29. Qd3 d5 30. Rxc6 Bd7 31. Rc5 Bb5 32. Rxb5 Rxb5 33. Nxd5 Rc8 34. Qd4 Qd8 35. Qa7 Rxd5 36. Qxf7+ Kh8 37. exd5 Qg8 38. Qf6+ Qg7 39. Qxa6 Rd8 40. h3 Kh7 41. Qe6 1-0

[Event "Portimao op"]
[Site "Portimao"]
[Date "2024.02.15"]
[Round "5"]
[White "Viers, Emmanuel"]
[Black "Stijve, Theo"]
[Result "0-1"]
[WhiteElo "2032"]
[BlackElo "2348"]
[PlyCount "63"]
[EventDate "2024.02.11"]
[EventType "swiss"]
[EventRounds "9"]
[EventCountry "POR"]
[SourceTitle "CBM 218 Extra"]
[Source "ChessBase"]
[SourceDate "2024.03.31"]
[SourceVersion "1"]
[SourceVersionDate "2024.03.31"]
[SourceQuality "1"]

1. d4 d5 2. Nc3 Nf6 3. Nf3 Bf5 4. Ne5 e6 5. e3 h5 6. Bd3 Bd6 7. Bxf5 exf5 8. Qd3 Qc8 9. Nb5 a6 10. Nxd6+ cxd6 11. Nf3 Ne4 12. 0-0 Nd7 13. b3 b5 14. Bd2 h4 15. a4 h3 16. g3 g5 17. axb5 axb5 18. Bb4 Rxa1 19. Rxa1 0-0 20. Ne1 g4 21. Qxb5 Ndf6 22. Ra6 Rd8 23. Ba5 Re8 24. c4 Qe6 25. cxd5 Nxd5 26. Qe2 Rc8 27. Bd2 Ndc3 28. Bxc3 Rxc3 29. b4 Rc1 30. Kf1 Ng5 31. Ra8+ Kh7 32. Qb2 0-1

[Event "BL2-Sued 2324"]
[Site "Germany"]
[Date "2024.02.04"]
[Round "6.2"]
[White "Deuer, Marius"]
[Black "Stijve, Theo"]
[Result "1/2-1/2"]
[WhiteElo "2462"]
[BlackElo "2333"]
[PlyCount "51"]
[EventDate "2023.10.21"]
[EventType "team-tourn"]
[EventRounds "10"]
[EventCountry "GER"]
[SourceTitle "EXT 2025"]
[Source "ChessBase"]
[SourceDate "2024.10.14"]
[SourceVersion "1"]
[SourceVersionDate "2024.10.14"]
[SourceQuality "1"]
[WhiteTeam "Schoenaich"]
[BlackTeam "Heilbronn"]
[WhiteTeamCountry "GER"]
[BlackTeamCountry "GER"]

1. d4 d5 2. c4 e6 3. Nc3 Nf6 4. cxd5 exd5 5. Bg5 c6 6. e3 Be7 7. Bd3 0-0 8. Nge2 Nbd7 9. 0-0 Ne4 10. Bxe7 Qxe7 11. Bxe4 dxe4 12. Ng3 Nf6 13. Qc2 Re8 14. Rfd1 h5 15. h3 h4 16. Nge2 Rd8 17. Rd2 Bf5 18. Rdd1 Rac8 19. d5 Nxd5 20. Nxd5 Rxd5 21. Rxd5 cxd5 22. Qd2 Be6 23. Rc1 Rxc1+ 24. Qxc1 Qb4 25. b3 b6 26. Nd4 1/2-1/2

[Event "BL2-Sued 2324"]
[Site "Germany"]
[Date "2023.10.22"]
[Round "2.2"]
[White "Stijve, Theo"]
[Black "Dann, Matthias"]
[Result "0-1"]
[WhiteElo "2333"]
[BlackElo "2477"]
[PlyCount "68"]
[EventDate "2023.10.21"]
[EventType "team-tourn"]
[EventRounds "10"]
[EventCountry "GER"]
[SourceTitle "EXT 2025"]
[Source "ChessBase"]
[SourceDate "2024.10.14"]
[SourceVersion "1"]
[SourceVersionDate "2024.10.14"]
[SourceQuality "1"]
[WhiteTeam "Heilbronn"]
[BlackTeam "Baden-Baden II"]
[WhiteTeamCountry "GER"]
[BlackTeamCountry "GER"]

1. d4 Nf6 2. c4 e6 3. Nf3 d5 4. g3 dxc4 5. Bg2 a6 6. a4 Nc6 7. 0-0 Rb8 8. Qc2 b5 9. axb5 axb5 10. b3 Nb4 11. Qb2 Bb7 12. bxc4 bxc4 13. Na3 Bd5 14. Be3 Nc6 15. Qc1 Bxa3 16. Qxa3 Rb3 17. Qa4 0-0 18. Rfc1 Rb4 19. Qa3 Qb8 20. Nd2 Bxg2 21. Kxg2 Qb5 22. Nf3 Ne4 23. h4 h6 24. Bf4 c3 25. Qa6 Qd5 26. Bxc7 Nxd4 27. Qd3 Nb3 28. Rcb1 Rc8 29. Bf4 c2 30. Rb2 Qxd3 31. exd3 Nec5 32. Rc1 Nxc1 33. Rxb4 N5xd3 34. Bxc1 Nxb4 0-1

[Event "Titled Tuesday intern op 17th Oct Early"]
[Site "Chess.com INT"]
[Date "2023.10.17"]
[Round "1"]
[White "Almagro Mazariegos, Sebastian"]
[Black "Stijve, Theo"]
[Result "0-1"]
[WhiteElo "2258"]
[BlackElo "2333"]
[PlyCount "86"]
[EventDate "2023.10.17"]
[EventType "swiss (blitz)"]
[EventRounds "11"]
[EventCountry "USA"]
[SourceTitle "EXT 2025"]
[Source "ChessBase"]
[SourceDate "2024.10.14"]
[SourceVersion "1"]
[SourceVersionDate "2024.10.14"]
[SourceQuality "1"]

1. e4 c5 2. Nf3 e6 3. d4 cxd4 4. Nxd4 Nc6 5. Nc3 Qc7 6. Be3 a6 7. Qd2 Nf6 8. f3 Be7 9. 0-0-0 b5 10. g4 Nxd4 11. Bxd4 Bb7 12. g5 Nh5 13. Be5 Qxe5 14. Qxd7+ Kf8 15. Qxb7 Bxg5+ 16. Kb1 Qb8 17. Qc6 Qc8 18. Qd6+ Be7 19. Qe5 Qc5 20. Qxc5 Bxc5 21. Bd3 Ke7 22. a4 b4 23. Ne2 g5 24. h4 h6 25. hxg5 hxg5 26. Rh3 Nf4 27. Nxf4 gxf4 28. Rxh8 Rxh8 29. Bxa6 Rh3 30. Rd3 Be3 31. Bb5 Rxf3 32. a5 Rf1+ 33. Ka2 Rc1 34. Kb3 Bc5 35. e5 f6 36. Rd7+ Kf8 37. exf6 f3 38. a6 Ra1 39. Kc4 Bb6 40. Kxb4 f2 41. Rb7 Bd4 42. c3 Be3 43. c4 f1Q 0-1

[Event "Titled Tuesday intern op 17th Oct Early"]
[Site "Chess.com INT"]
[Date "2023.10.17"]
[Round "7"]
[White "Stijve, Theo"]
[Black "Molina, Roberto Junio Brito"]
[Result "1/2-1/2"]
[WhiteElo "2333"]
[BlackElo "2381"]
[PlyCount "131"]
[EventDate "2023.10.17"]
[EventType "swiss (blitz)"]
[EventRounds "11"]
[EventCountry "USA"]
[SourceTitle "EXT 2025"]
[Source "ChessBase"]
[SourceDate "2024.10.14"]
[SourceVersion "1"]
[SourceVersionDate "2024.10.14"]
[SourceQuality "1"]

1. e4 c6 2. d4 d5 3. e5 Bf5 4. h4 Qb6 5. g4 Bd7 6. c3 c5 7. dxc5 Qxc5 8. Be3 Qc7 9. Bg2 Qxe5 10. Qxd5 Qxd5 11. Bxd5 Bc6 12. Bxc6+ Nxc6 13. Na3 Nf6 14. f3 0-0-0 15. Ne2 e6 16. Nb5 a6 17. Nbd4 Nxd4 18. Nxd4 Nd5 19. Bf2 h5 20. g5 g6 21. 0-0-0 Bd6 22. Rhe1 Rd7 23. Kc2 Rhd8 24. a4 Ne7 25. b4 Bc7 26. b5 axb5 27. axb5 Bb6 28. Ra1 Nf5 29. Nxe6 Rd2+ 30. Kb3 Rxf2 31. Ra8+ Kd7 32. Nxd8 Bxd8 33. Rd1+ Nd6 34. Rxd8+ Kxd8 35. Rxd6+ Kc8 36. Rf6 Rh2 37. Rxf7 Rxh4 38. f4 Rg4 39. Kc4 Rg3 40. Kd4 h4 41. c4 b6 42. Kd5 Rc3 43. Rh7 h3 44. f5 gxf5 45. g6 Rg3 46. g7 h2 47. Rxh2 Rxg7 48. Rh8+ Kc7 49. Rf8 Rd7+ 50. Ke5 Kb7 51. Rxf5 Rc7 52. Kd4 Rd7+ 53. Rd5 Rh7 54. Re5 Rh4+ 55. Kd5 Rh7 56. Re6 Rh5+ 57. Kd6 Rc5 58. Re7+ Kb8 59. Re4 Kb7 60. Re7+ Kb8 61. Re8+ Kb7 62. Re4 Kb8 63. Rd4 Kb7 64. Rd5 Rxc4 65. Re5 Rc7 66. Re7 1/2-1/2

[Event "Titled Tuesday intern op 10th Oct Early"]
[Site "Chess.com INT"]
[Date "2023.10.10"]
[Round "2"]
[White "Stijve, Theo"]
[Black "Chabris, Christopher"]
[Result "1-0"]
[WhiteElo "2333"]
[BlackElo "2092"]
[PlyCount "133"]
[EventDate "2023.10.10"]
[EventType "swiss (blitz)"]
[EventRounds "11"]
[EventCountry "USA"]
[SourceTitle "EXT 2025"]
[Source "ChessBase"]
[SourceDate "2024.10.14"]
[SourceVersion "1"]
[SourceVersionDate "2024.10.14"]
[SourceQuality "1"]

1. e4 c5 2. Nf3 d6 3. d4 cxd4 4. Nxd4 Nf6 5. Nc3 a6 6. Be3 e5 7. Nb3 Be7 8. f3 Be6 9. Qd2 h5 10. Nd5 Nxd5 11. exd5 Bf5 12. Be2 a5 13. a4 0-0 14. 0-0 Nd7 15. f4 exf4 16. Rxf4 Bg6 17. Raf1 Rc8 18. Rc4 Rxc4 19. Bxc4 Ne5 20. Be2 b6 21. Nd4 Qc8 22. c3 Nc4 23. Bxc4 Qxc4 24. Nc6 Re8 25. Bxb6 Qxa4 26. Bxa5 Be4 27. Bb4 Bf6 28. Bxd6 Qc4 29. Nb4 h4 30. Bf4 h3 31. g3 Rd8 32. d6 Qc5+ 33. Qf2 Qh5 34. Re1 Bf3 35. Nc2 Kh7 36. Nd4 Bd5 37. b4 g5 38. Qc2+ Kg8 39. Qf5 Qh6 40. Be5 Bxe5 41. Rxe5 Bg2 42. Qxg5+ Qxg5 43. Rxg5+ Kf8 44. Nf5 Re8 45. d7 Rd8 46. Rh5 Kg8 47. Ne7+ Kf8 48. Nf5 Kg8 49. Rg5+ Kf8 50. Ne3 Bf3 51. Kf2 Be4 52. Re5 f5 53. Re8+ Rxe8 54. dxe8Q+ Kxe8 55. c4 Kd7 56. c5 Kc6 57. Nd1 Bd5 58. Nc3 Bc4 59. Ke3 Bf1 60. Kf4 Bd3 61. Kg5 Bc2 62. Kh4 Bd3 63. Kxh3 Bf1+ 64. Kh4 Bg2 65. Kg5 Be4 66. h4 Bd3 67. h5 1-0

[Event "Titled Tuesday intern op 03rd Oct Early"]
[Site "Chess.com INT"]
[Date "2023.10.03"]
[Round "1"]
[White "Stijve, Theo"]
[Black "Alahakoon, Isuru"]
[Result "1-0"]
[WhiteElo "2333"]
[BlackElo "1882"]
[PlyCount "75"]
[EventDate "2023.10.03"]
[EventType "swiss (blitz)"]
[EventRounds "11"]
[EventCountry "USA"]
[SourceTitle "EXT 2025"]
[Source "ChessBase"]
[SourceDate "2024.10.14"]
[SourceVersion "1"]
[SourceVersionDate "2024.10.14"]
[SourceQuality "1"]

1. e4 d5 2. exd5 Qxd5 3. Nc3 Qa5 4. d4 Nf6 5. Nf3 Bg4 6. h3 Bh5 7. g4 Bg6 8. Ne5 e6 9. Bg2 c6 10. Bd2 Nbd7 11. Qe2 Bb4 12. a3 Nxe5 13. dxe5 Nd5 14. Nxd5 cxd5 15. Bxb4 Qc7 16. 0-0 Qxc2 17. Qxc2 Bxc2 18. Rac1 Ba4 19. f4 h5 20. f5 hxg4 21. hxg4 Rh4 22. Bf3 a5 23. Bd6 Bc6 24. Kg2 Kd7 25. Kg3 Rah8 26. Rh1 Rxh1 27. Rxh1 Rxh1 28. Bxh1 Bb5 29. Kf4 Bd3 30. Bf3 f6 31. Bd1 b5 32. Bb3 g5+ 33. fxg6 Bxg6 34. Bc5 fxe5+ 35. Kxe5 Bd3 36. g5 Bg6 37. Bd1 Bf5 38. Bh5 1-0

[Event "Titled Tuesday intern op 03rd Oct Early"]
[Site "Chess.com INT"]
[Date "2023.10.03"]
[Round "3"]
[White "Stijve, Theo"]
[Black "Nunez V, Gustavo Eduardo"]
[Result "1-0"]
[WhiteElo "2333"]
[BlackElo "2226"]
[PlyCount "115"]
[EventDate "2023.10.03"]
[EventType "swiss (blitz)"]
[EventRounds "11"]
[EventCountry "USA"]
[SourceTitle "EXT 2025"]
[Source "ChessBase"]
[SourceDate "2024.10.14"]
[SourceVersion "1"]
[SourceVersionDate "2024.10.14"]
[SourceQuality "1"]

1. e4 c5 2. Nf3 Nc6 3. Nc3 e5 4. Bc4 d6 5. d3 Be7 6. 0-0 Nf6 7. Ng5 0-0 8. f4 h6 9. Nf3 Bg4 10. h3 Be6 11. f5 Bxc4 12. dxc4 Nd4 13. Qd3 Nh5 14. Nd5 Nf6 15. c3 Nxd5 16. cxd5 Nxf3+ 17. Qxf3 Bg5 18. f6 Qxf6 19. Qxf6 Bxf6 20. Bxh6 b5 21. Be3 a5 22. a4 Rfb8 23. axb5 Rxb5 24. Bc1 a4 25. Kf2 Rb3 26. Ke2 a3 27. Rxa3 Raxa3 28. bxa3 Rxc3 29. Kd2 Rg3 30. a4 Bg5+ 31. Kc2 Rxg2+ 32. Kb3 Rg3+ 33. Kc4 Bd8 34. Bd2 Rxh3 35. Ra1 Rh4 36. Kd3 Rh3+ 37. Kc4 Rh4 38. a5 Rxe4+ 39. Kb5 Bc7 40. a6 Bb8 41. Ba5 Re2 42. Kc6 Rb2 43. Bc7 Ba7 44. Bxd6 c4 45. Bc5 Bb8 46. a7 Bxa7 47. Bxa7 c3 48. Rc1 c2 49. d6 Ra2 50. Bc5 Kf8 51. d7+ Kg8 52. d8Q+ Kh7 53. Rh1+ Kg6 54. Rg1+ Kf5 55. Qd3+ e4 56. Qh3+ Ke5 57. Rg5+ f5 58. Qxf5# 1-0

[Event "Titled Tuesday intern op 03rd Oct Early"]
[Site "Chess.com INT"]
[Date "2023.10.03"]
[Round "7"]
[White "Stijve, Theo"]
[Black "Petrosyan, Manuel"]
[Result "0-1"]
[WhiteElo "2333"]
[BlackElo "2604"]
[PlyCount "70"]
[EventDate "2023.10.03"]
[EventType "swiss (blitz)"]
[EventRounds "11"]
[EventCountry "USA"]
[SourceTitle "EXT 2025"]
[Source "ChessBase"]
[SourceDate "2024.10.14"]
[SourceVersion "1"]
[SourceVersionDate "2024.10.14"]
[SourceQuality "1"]

1. e4 c5 2. Nf3 d6 3. d4 cxd4 4. Nxd4 Nf6 5. Nc3 Nc6 6. Bg5 e6 7. Qd2 a6 8. Nxc6 bxc6 9. 0-0-0 Qa5 10. Bc4 d5 11. Bxf6 gxf6 12. exd5 cxd5 13. Bb3 Bb4 14. Rhe1 Bxc3 15. bxc3 Bb7 16. Qd4 Ke7 17. f4 Rhc8 18. Qb4+ Qxb4 19. cxb4 f5 20. Kb2 a5 21. a3 Kf6 22. g3 Rc7 23. Rd4 a4 24. Ba2 Rac8 25. Re2 Ba6 26. Red2 h5 27. Rf2 Rc3 28. Rdd2 Re3 29. Bb1 Rcc3 30. Rd4 Bb5 31. Kc1 Rxa3 32. Kd1 Ra1 33. Kd2 Re4 34. Rxe4 fxe4 35. Kc1 a3 0-1

[Event "Titled Tuesday intern op 26th Sep Early"]
[Site "Chess.com INT"]
[Date "2023.09.26"]
[Round "6"]
[White "Kazakouski, Valery"]
[Black "Stijve, Theo"]
[Result "1-0"]
[WhiteElo "2558"]
[BlackElo "2337"]
[PlyCount "69"]
[EventDate "2023.09.26"]
[EventType "swiss (blitz)"]
[EventRounds "11"]
[EventCountry "USA"]
[SourceTitle "EXT 2024"]
[Source "ChessBase"]
[SourceDate "2023.10.10"]
[SourceVersion "1"]
[SourceVersionDate "2023.10.10"]
[SourceQuality "1"]

1. Nf3 d5 2. c4 d4 3. b4 g5 4. Qb3 Bg7 5. Nxg5 e5 6. Qg3 Qe7 7. b5 h6 8. Ne4 f5 9. Ba3 Qf7 10. Nc5 b6 11. Nb3 Bb7 12. d3 Nd7 13. N1d2 Ngf6 14. e3 0-0-0 15. exd4 Rhe8 16. d5 e4 17. d4 Nh5 18. Qc3 e3 19. fxe3 Rxe3+ 20. Qxe3 Re8 21. Qxe8+ Qxe8+ 22. Kd1 Nf4 23. Kc2 Nf6 24. g3 N4xd5 25. cxd5 Nxd5 26. Bd3 Ne3+ 27. Kb2 Bxh1 28. Rxh1 Qd7 29. Kb1 Bxd4 30. Rc1 Nd5 31. Nxd4 Ne3 32. Bb2 Kb8 33. Nc4 Nxc4 34. Rxc4 Qe7 35. Nc6+ 1-0